000 00707nam a22001937a 4500
003 UA-OsUOA
001 11479
007 ta
008 20050309b un ||||| |||| 00| 0 ukr d
100 _aНазарець В.
700 _aВасильєв Є.
942 _cSA
040 _aUA-OsUOA
_cUA-OsUOA
_dUA-OsUOA
245 _a"Серце ранив жах казковий..." : Вірш Едгара По "Крук"
300 _aС.27-32
955 _a0
773 0 _w0
_tВсесвітня література та культура в навчальних закладах України
_dКиїв
_d2005
_g№2
650 7 _aАмериканське літературознавство
_2UDC
999 _c297640
_d297640